000 00787nam a22002777a 4500
001 0028416
003 KOHA_MİRAKIL
005 20260207002628.0
007 ta
008 110314b2000 tu a|||gr||||#||||0|tur |
020 _a975476171X
_c3,5
040 _aTR-BiSEU
_btur
_cTR-BiSEU
_erda
041 0 _atur
044 _ctu
050 _aG1030
_b.S57 2000
100 1 _aŞirin, Veli.
245 1 _aÖzyürek açıklamalı tarih atlası/
_cVeli Şirin ; Veli Şirin.
264 1 _aİstanbul :
_bMart Mat.
_c2000
300 _a53 sayfa :
_bhrt. ;
_c24 cm.
336 _ametin
_btxt
_2rdacontent
337 _aaracısız
_bn
_2rdamedia
338 _acilt
_bnc
_2rdacarrier
650 0 _aDünya tarihi.
_91475
650 0 _aTarihsel coğrafya--Haritalar.
_956260
942 _2lcc
_cBK
999 _c28339
_d28339